Нормален изглед
MARC изглед
- Попова, Ружа Р.
Вход 01. Лично име
001 - Контролен номер на записа
- Контролно поле: 473722
003 - Код на организацията, даваща контролен номер
- Контролно поле: BLK
005 - Дата и час на последна промяна на записа
- Контролно поле: 20220428162023.0
008 - Данни с фиксирана дължина – обща информация
- Данни с фиксирана дължина : 220428|| aca||aabn | a|a d
100 ## - ИМЕ НА ЛИЦЕ -ПЪРВИЧНА ИНТЕЛЕКТУАЛНА ОТГОВОРНОСТ
- Лично име: Попова, Ружа Р.
942 ## - Системна служебна употреба
- Koha auth type: PERSO_NAME